|
|
|
|
| LEADER |
01379nam a2200265 u 4500 |
| 001 |
10048234 |
| 003 |
upatras |
| 005 |
20250513090534.0 |
| 008 |
030926s1997 gr gre |
| 020 |
|
|
|a 9608596300
|
| 040 |
|
|
|a GR-PaULI
|b gre
|c GR-PaULI
|e AACR2
|
| 041 |
0 |
|
|a gre
|
| 082 |
0 |
4 |
|2 23
|a 371.302 81
|
| 245 |
0 |
2 |
|a Η συνθετική δημιουργική εργασία στο σχολικό πρόγραμμα :
|b θεωρία και πράξη /
|c γλωσσική θεώρηση και επιμέλεια έκδοσης Παύλος Χαραμής.
|
| 260 |
|
|
|a Αθήνα :
|b Εκδόσεις της Σχολής Ι. Μ. Παναγιωτόπουλου,
|c 1997.
|
| 300 |
|
|
|a 241 σ. ;
|c 21 εκ.
|
| 500 |
|
|
|a Επιστημονική συνάντηση, Αθήνα, 19 και 30 Σεπτεμβρίου 1995.
|
| 650 |
|
4 |
|a Εκπαίδευση
|x Προγράμματα σπουδών
|9 1187
|
| 650 |
|
4 |
|a Διδασκαλία
|x Μεθοδολογία
|9 28735
|
| 700 |
1 |
|
|a Χαραμής, Παύλος
|e επιμελητής
|9 39763
|
| 852 |
|
|
|a GR-PaULI
|b ΠΑΤΡΑ
|b ΠΤΔΕ
|k ΑΣΧΕ
|h 371.302 81 ΕΠΙ
|m 8106
|p 025000037308
|t 1
|
| 942 |
|
|
|2 ddc
|c BK
|
| 952 |
|
|
|0 0
|1 0
|4 0
|6 371_302000000000000_81_ΕΠΙ
|7 0
|9 38973
|a PTDE
|b PTDE
|d 2016-04-24
|i 8106
|l 0
|o 371.302 81 ΕΠΙ
|p 025000037308
|r 2016-04-24 00:00:00
|t 1
|w 2016-04-24
|y BK15
|
| 998 |
|
|
|c ΤΣΕΝΕ
|d 2003-09
|
| 999 |
|
|
|c 25042
|d 25042
|